Вып. 42; Динамика и прочность машин

Bibliographische Detailangaben
Parent link:Динамика и прочность машин: республиканский межведомственный научно-технический сборник/ Харьковский политехнический институт (ХПИ). Вып. 42.— , 1965-1991
Weitere Verfasser: Богомолов С. И. Сергей Иванович (редактор)
Sprache:Russisch
Veröffentlicht: 1985
Schlagworte:
Format: MixedMaterials Buch
KOHA link:https://koha.lib.tpu.ru/cgi-bin/koha/opac-detail.pl?biblionumber=287856

MARC

LEADER 00000nam2a2200000 4500
001 287856
005 20231102000030.0
020 |a RU  |b 85-41076ж 
035 |a (RuTPU)RU\TPU\book\312299 
090 |a 287856 
100 |a 20150319c1985 k y0rusy5003 ca 
101 0 |a rus 
102 |a UA 
105 |a a z 001zy 
200 0 |a Вып. 42  |f под ред. С. И. Богомолова 
210 |d 1985 
215 |a 136 с  |c ил. 
320 |a Библиография в конце статей 
461 1 |0 (RuTPU)RU\TPU\book\160090  |t Динамика и прочность машин  |o республиканский межведомственный научно-технический сборник  |f Харьковский политехнический институт (ХПИ)  |v Вып. 42  |d 1965-1991 
606 1 |a Механизмы и машины  |x Динамика  |2 stltpush  |3 (RuTPU)RU\TPU\subj\43531  |9 63019 
610 1 |a прочность 
610 1 |a конструкции 
610 1 |a колебания 
610 1 |a проектирование 
610 1 |a тонкостенные конструкции 
610 1 |a деформирование 
610 1 |a композитные материалы 
610 1 |a контактное взаимодействие 
610 1 |a нелинейные задачи 
610 1 |a ЭВМ 
675 |a 621.01:531.3  |z rus  |v 3 
702 1 |a Богомолов  |b С. И.  |g Сергей Иванович  |4 340 
801 0 |a RU  |b RuMRKP  |c 19950704  |g psbo 
801 1 |a RU  |b 63413507  |c 20150319 
801 2 |a RU  |b 63413507  |c 20180201  |g RCR 
942 |c BK